10 Words, 20 Definitions XXV Quiz Stats

 Plays Quiz not verified by Sporcle

Score 0/20 Timer 03:00
0 Plays Today
% Correct
Consumption
95.7%
Temple
95.7%
Light
95.6%
Light
95.4%
Organ
95.3%
Play
94.9%
Organ
94.8%
Monitor
94.8%
Monitor
94.7%
Play
94.6%
% Correct
Hatch
94.4%
Temple
94.2%
Quarry
93.2%
Hatch
93.1%
Bolt
90.8%
Round
90.3%
Consumption
87.6%
Bolt
87.5%
Round
84.2%
Quarry
79.4%

You're not logged in!

Compare scores with friends on all Sporcle quizzes.
OR
Log In

Show Comments

Extras

Top Quizzes Today


Score Distribution

Your Account Isn't Verified!

In order to create a playlist on Sporcle, you need to verify the email address you used during registration. Go to your Sporcle Settings to finish the process.

Report this User

Report this user for behavior that violates our Community Guidelines.

Details: